| 000 | 01974cam a22003978a 4500 | ||
|---|---|---|---|
| 001 | 14717743 | ||
| 005 | 20100216082955.0 | ||
| 008 | 070130s2008 nju | b 001 0 eng d | ||
| 010 | _a 2007004038 | ||
| 020 | _a9780691130071 (hardcover : alk. paper) | ||
| 020 | _a9780691134666 | ||
| 040 |
_aDLC _cDLC _dDLC |
||
| 043 |
_aaw----- _ae------ _an-us--- |
||
| 050 | 0 | 0 |
_aD32 _b.H87 2008 |
| 082 | 0 | 0 |
_222 _a327.101 _bHUR |
| 100 | 1 |
_aHurd, Elizabeth Shakman, _d1970- _913916 |
|
| 245 | 1 | 4 |
_aThe Politics of Secularism in International Relations / _cElizabeth Shakman Hurd. |
| 260 |
_aPrinceton : _bPrinceton University Press, _cc2008. |
||
| 263 | _a0801 | ||
| 300 |
_axiii, 247p. : _c24 cm. |
||
| 490 | 0 |
_aPrinceton studies in international history and politics _913923 |
|
| 504 | _aIncludes bibliographical references and index. | ||
| 505 | 0 | _aIntroduction -- Varieties of secularism -- Secularism and Islam -- Contested secularisms in Turkey and Iran -- The European Union and Turkey -- The United States and Iran -- Political Islam -- Religious resurgence -- Conclusion. | |
| 650 | 0 |
_aWorld politics. _913917 |
|
| 650 | 0 |
_aSecularism. _913918 |
|
| 650 | 0 |
_aReligion and politics. _913919 |
|
| 651 | 0 |
_aEurope _xForeign relations. _913920 |
|
| 651 | 0 |
_aMiddle East _xForeign relations. _913921 |
|
| 651 | 0 |
_aUnited States _xForeign relations. _913922 |
|
| 856 | 4 | 1 |
_3Table of contents only _uhttp://www.loc.gov/catdir/toc/ecip0710/2007004038.html |
| 856 | 4 | 2 |
_3Publisher description _uhttp://www.loc.gov/catdir/enhancements/fy0726/2007004038-d.html |
| 856 | 4 | 2 |
_3Contributor biographical information _uhttp://www.loc.gov/catdir/enhancements/fy0734/2007004038-b.html |
| 942 |
_2ddc _cBB |
||
| 999 |
_c13975 _d13975 |
||